000 004480000a22001570004500
090 _aAR
_b02925
100 1 _aSoulé, Michael E.
_912392
245 1 0 _aConservation: tactics for a constant crisis
041 0 _aInglés
650 1 4 _aRestauración ecológica
_992279
650 1 4 _aReservas extractivas
_919751
650 1 4 _aAgroecosistemas
_993144
650 1 4 _aUso sostenible
_9344
942 _cARTICULO
773 1 _tScience
_3685
_q744-758
_d1991
_g253
999 _c11985
_d11985